Countries Bordering Ethiopia - Statistics

General Stats
  • This quiz has been taken 38 times
  • The average score is 5 of 6
Answer Stats
Length Country % Correct
1,600 km Somalia
100%
744 km Sudan
96%
1,033 km Eritrea
89%
861 km Kenya
89%
1,114 km South Sudan
89%
375 km Djibouti
82%
No matching quizzes found
Score Distribution
Percent of People with Each Score
Percentile by Number Answered
Your Score History
You have not taken this quiz